000 00938nam a22003017a 4500
001 BR7324084
003 BR-BrBNA
005 20230928084339.0
007 ta
008 230509b bl.||||| |||| 00| 0 por d
040 _aBR-BrBNA
_bpor
_cBiblioteca Nacional de Agricultura
041 _a(Por)
072 _aE70
_b9000
_b/G514
090 _ 9000 BR7324084
100 1 _aCriscuolo, P.D.
100 1 _aBarros, M. de S.
100 1 _aLins, E.R. de
110 1 _aSecretaria do Abastecimento, Sao Paulo, SP (Brasil)
_99064
245 1 _aO abastecimento de generos alimenticios na area urbana do municipio de Sao Paulo [Brasil]
260 3 _aSao Paulo, SP (Brasil):
_c1967.
300 _av. 1-2
500 _a(*) Documento disponível no(a) Instituto de Economia Agricola, Sao Paulo, SP (Brazil)
650 _aALIMENTO
650 _aABASTECIMENTO
650 _aSAO PAULO
909 _a202309
_bLucia
_c55
_dLucia Elande
942 _cBK
999 _c18327
_d18327